Liste des personnages jouables de Tekken - Statistiques

Statistiques générales
  • Ce quiz a été pris 327 fois
    175 depuis la dernière actualisation
  • Le résultat moyen est 173 sur 326
Statistiques - réponses
Jeux Personnages % Correct
Tekken 3 | Tekken 4 | Tekken 5 | +4 others Jin Kazama
95%
Tekken 1 | Tekken 2 | Tekken 4 | +5 others Kazuya Mishima
93%
Tekken 8 Jin Kazama
91%
Tekken 8 Kazuya Mishima
88%
Tekken 1 | Tekken 2 | Tekken 3 | +6 others Heihachi Mishima
87%
Tekken 1 | Tekken 2 | Tekken 3 | +6 others Paul Phoenix
85%
Tekken 1 | Tekken 2 | Tekken 3 | +6 others Yoshimitsu
83%
Tekken 8 Paul Phoenix
80%
Tekken 1 | Tekken 2 | Tekken 3 | +6 others Nina Williams
78%
Tekken 1 Jack
75%
Tekken 2 | Tekken Tag Tournament | Tekken Tag Tournament 2 Jun Kazama
75%
Tekken 8 Nina Williams
74%
Tekken 3 | Tekken 4 | Tekken 5 | +4 others Panda
74%
Tekken 1 | Tekken 2 | Tekken 3 | +5 others Anna Williams
73%
Tekken 8 Jun Kazama
73%
Tekken 1 | Tekken 2 | Tekken 4 | +4 others Marshall Law
72%
Tekken 3 | Tekken 4 | Tekken 5 | +4 others Eddy Gordo
71%
Tekken 1 | Tekken 2 | Tekken 4 | +5 others Lee Chaolan
71%
Tekken 1 | Tekken 2 | Tekken Tag Tournament Devil
70%
Tekken 8 Marshall Law
70%
Tekken 3 | Tekken Tag Tournament | Tekken Tag Tournament 2 Ogre
63%
Tekken 3 | Tekken 4 | Tekken 5 | +4 others Hwoarang
62%
Tekken 5: Dark Resurrection | Tekken Tag Tournament 2 Jinpachi Mishima
62%
Tekken 2 | Tekken 3 | Tekken 4 | +5 others Lei Wulong
61%
Tekken 3 | Tekken 4 | Tekken 5 | +4 others Ling Xiaoyu
61%
Tekken 5 | Tekken 6 | Tekken 7 | Tekken Tag Tournament 2 Asuka Kazama
59%
Tekken 3 | Tekken 4 | Tekken 5 | +4 others Bryan Fury
59%
Tekken 2 | Tekken Tag Tournament Jack-2
59%
Tekken 5 | Tekken 6 | Tekken 7 | Tekken Tag Tournament 2 Devil Jin
58%
Tekken 4 | Tekken 5 | Tekken 6 | +2 others Steve Fox
58%
Tekken 5 Jack-5
54%
Tekken 5: Dark Resurrection | Tekken 6 | Tekken 7 | Tekken Tag Tournament 2 Lili de Rochefort
54%
Tekken 6 | Tekken 7 | Tekken Tag Tournament 2 Bob
53%
Tekken 4 | Tekken 5 | Tekken 6 | Tekken Tag Tournament 2 Christie Monteiro
53%
Tekken 3 | Tekken 5 | Tekken 6 | +2 others Mokujin
52%
Tekken 5 | Tekken 6 | Tekken Tag Tournament 2 Raven
52%
Tekken 3 | Tekken 4 | Tekken 5 | +3 others Julia Chang
51%
Tekken 3 | Tekken Tag Tournament | Tekken Tag Tournament 2 Forest Law
50%
Tekken 6 | Tekken Tag Tournament 2 Jack-6
50%
Tekken 7 Jack-7
50%
Tekken 2 | Tekken Tag Tournament Roger
50%
Tekken 4 | Tekken 5 | Tekken 6 | +2 others Craig Marduk
48%
Tekken 2 | Tekken 5 | Tekken 6 | +2 others Bruce Irvin
47%
Tekken 6 | Tekken 7 | Tekken Tag Tournament 2 Alisa Bosconovitch
46%
Tekken 2 | Tekken Tag Tournament | Tekken Tag Tournament 2 Angel
45%
Tekken 1 | Tekken 2 | Tekken Tag Tournament | Tekken Tag Tournament 2 Michelle Chang
45%
Tekken 1 | Tekken 2 | Tekken 5 | +4 others Ganryu
44%
Tekken 5 | Tekken 6 | Tekken 7 | Tekken Tag Tournament 2 Feng Wei
43%
Tekken 3 Gon
42%
Tekken 8 Lars Alexandersson
42%
Tekken 2 | Tekken 5 | Tekken 6 | +2 others Baek Doo San
41%
Tekken 6 | Tekken 7 | Tekken Tag Tournament 2 Lars Alexandersson
41%
Tekken 3 | Tekken Tag Tournament 2 Dr. Bosconovitch
40%
Tekken 7 Akuma
39%
Tekken 6 | Tekken 7 | Tekken Tag Tournament 2 Zafina
39%
Tekken 8 Jack-8
38%
Tekken 6 | Tekken 7 | Tekken Tag Tournament 2 Miguel
38%
Tekken 5: Dark Resurrection | Tekken 6 | Tekken 7 | Tekken Tag Tournament 2 Sergei Dragunov
37%
Tekken 4 | Tekken 7 | Tekken Tag Tournament 2 Violet
37%
Tekken 2 | Tekken Tag Tournament | Tekken Tag Tournament 2 Alex
36%
Tekken 3 | Tekken Tag Tournament Gun Jack
36%
Tekken 7 Kazumi Mishima
36%
Tekken 5 | Tekken 6 | Tekken Tag Tournament 2 Roger Jr.
36%
Tekken 3 | Tekken Tag Tournament | Tekken Tag Tournament 2 True Ogre
36%
Tekken 1 | Tekken 2 | Tekken 5 | +3 others Wang Jinrei
36%
Tekken 6 | Tekken 7 | Tekken Tag Tournament 2 Leo Kliesen
34%
Tekken Tag Tournament | Tekken Tag Tournament 2 Unknown
34%
Tekken 4 | Tekken Tag Tournament 2 Combot
31%
Tekken 3 | Tekken Tag Tournament | Tekken Tag Tournament 2 Tiger Jackson
31%
Tekken 7 Claudio Serafino
30%
Tekken 7 Lucky Chloe
29%
Tekken 7 Master Raven
28%
Tekken 1 | Tekken 2 | Tekken Tag Tournament | Tekken Tag Tournament 2 P. Jack
28%
Tekken 7 Leroy Smith
25%
Tekken 7 Negan
25%
Tekken 7 Noctis Lucis Caelum
25%
Tekken 7 Geese Howard
23%
Tekken 1 | Tekken 2 King I
23%
Tekken Tag Tournament 2 Slim Bob
23%
Tekken 7 Gigas
22%
Tekken 7 Katarina Alves
22%
Tekken 3 | Tekken 4 | Tekken 5 | +5 others King II
22%
Tekken 7 Eliza
21%
Tekken 7 Shaheen
21%
Tekken 4 | Tekken Tag Tournament 2 Miharu Hirano
20%
Tekken 1 | Tekken 2 | Tekken Tag Tournament Armor King I
19%
Tekken 5: Dark Resurrection | Tekken 6 | Tekken 7 | Tekken Tag Tournament 2 Armor King II
19%
Tekken 7 Lidia Sobieska
19%
Tekken Tag Tournament 2 Sebastian
19%
Tekken Tag Tournament Tetsujin
19%
Tekken Tag Tournament 2 Jaycee
18%
Tekken 1 | Tekken 2 Kuma I
17%
Tekken 3 | Tekken 4 | Tekken 5 | +4 others Kuma II
17%
Tekken 7 Josie Rizal
16%
Tekken 7 Fahkumram
15%
Tekken 1 | Tekken 2 | Tekken Tag Tournament | Tekken Tag Tournament 2 Kunimitsu I
14%
Tekken 7 Kunimitsu II
14%
Tekken Tag Tournament Kinjin
8%
Aucun quiz correspondant
Distribution des résultats
% des personnes avec chaque résultat
Percentile par nombre de réponses
Votre historique - résultats
Vous n’avez pas pris ce quiz depuis la dernière actualisation